ORACLE 7 : the complete reference

Bibliographic Details
Main Author: Koch, George
Format: Book
Published: New York : Osborne McGraw-Hill , 1993
Subjects:

MARC

LEADER 00000cam a2200000 7i4500
001 0000003035
002 000003287
005 20000330.0
020 |a 0078819199 
090 0 0 |a 005.74   |b KOC 
100 1 |a Koch, George 
245 1 0 |a ORACLE 7 :   |b the complete reference   |c George Koch ; updates by Robert Muller 
260 |a New York :   |b Osborne McGraw-Hill ,   |c 1993 
300 |a 1028p. ;   |c 24cm. 
630 0 0 |a Oracle (Computer file) 
650 0 0 |a Oracle 7 
650 0 0 |a Relational database 
999 |a 035787   |b BUKU   |c PINJAMAN   |e PERPUSTAKAAN KOMUNITI PETALING JAYA 
999 |a 035788   |b BUKU   |c PINJAMAN   |e PERPUSTAKAAN KOMUNITI PETALING JAYA